Tribhuvan University Central Library

Perfect Hostage: (Record no. 103324)

MARC details
000 -LEADER
fixed length control field 00504nam a22001817a 4500
005 - DATE AND TIME OF LATEST TRANSACTION
control field 20250605101302.0
008 - FIXED-LENGTH DATA ELEMENTS--GENERAL INFORMATION
fixed length control field 220209b |||||||| |||| 00| 0 eng d
020 ## - INTERNATIONAL STANDARD BOOK NUMBER
International Standard Book Number 9780091796815
082 ## - DEWEY DECIMAL CLASSIFICATION NUMBER
Classification number 923.2/W737p
100 ## - MAIN ENTRY--PERSONAL NAME
Personal name Wintle, Justin
9 (RLIN) 24944
245 ## - TITLE STATEMENT
Title Perfect Hostage:
Remainder of title a life of Aung San Suu Kyi.
260 ## - PUBLICATION, DISTRIBUTION, ETC.
Place of publication, distribution, etc. London:
Name of publisher, distributor, etc. Hutchinson,
Date of publication, distribution, etc. 2007.
300 ## - PHYSICAL DESCRIPTION
Extent xvii, 450p.; illus.
650 ## - SUBJECT ADDED ENTRY--TOPICAL TERM
Topical term or geographic name entry element Biography
650 ## - SUBJECT ADDED ENTRY--TOPICAL TERM
Topical term or geographic name entry element Suu Kyi, Aung San
650 ## - SUBJECT ADDED ENTRY--TOPICAL TERM
Topical term or geographic name entry element Women political activists
942 ## - ADDED ENTRY ELEMENTS (KOHA)
Source of classification or shelving scheme Dewey Decimal Classification
Koha item type General Collections
Holdings
Withdrawn status Lost status Source of classification or shelving scheme Damaged status Not for loan Home library Current library Shelving location Date acquired Total Checkouts Full call number Barcode Date last seen Price effective from Koha item type
    Dewey Decimal Classification     Tribhuvan University Central Library Tribhuvan University Central Library New Building 02/09/2022   923.2/W737p G81159 02/09/2022 02/09/2022 General Collections